| 000 | 00699nam a22002177a 4500 | ||
|---|---|---|---|
| 003 | OSt | ||
| 005 | 20140310181733.0 | ||
| 008 | 130319t xxu||||| |||| 00| 0 eng d | ||
| 020 | _a0590493655 | ||
| 050 |
_aD 21 _b.Z44 1995 |
||
| 082 |
_aTR 909 _bZ4 c1994 |
||
| 100 |
_aZeman, Anne _91228 |
||
| 245 |
_aEverything you need to know about world history homework : _ba desk reference for students and parents / _cAnne Zeman, Kate Kelly |
||
| 260 |
_aNew York : _bScholastic Reference, _cc1995. |
||
| 300 |
_a129 p. _bill. (some col.), col. maps _c28 cm. |
||
| 521 | _aFaculty | ||
| 541 | _j1 | ||
| 562 | _e1 | ||
| 650 |
_aWorld history _xJuvenille literature _91436 |
||
| 942 |
_2lcc _cBK-TR _kTR |
||
| 999 |
_c2489 _d2489 |
||